000 02788cam a2200301 4500500
005 20251228062059.0
041 _afre
042 _adc
100 1 0 _aL’Horty, Yannick
_eauthor
245 0 0 _aAnatomie d'une politique régionale de lutte contre les discriminations
260 _c2015.
500 _a27
520 _aNous avons construit une base de données recensant l'ensemble des actions subventionnées par la région Île-de-France dans le domaine de la lutte contre les discriminations et pour l'égalité des sexes entre janvier 2008 et mars 2012. Chacune des 455 actions est particulière dans son objet, ses modalités de mise en œuvre, les publics qui en bénéficient et les territoires où elle se déploie. Néanmoins, des traits communs caractérisent la politique régionale. Les actions sont pour l'essentiel portées par des associations qui sont un acteur majeur de la lutte contre les discriminations. La logique de financement sur projet, inhérente à ces dispositifs, conduit à des défauts de coordination qui induisent des inégalités selon tel ou tel sous-domaine. Cette différence de traitement des publics se double d'une différence dans la couverture territoriale des dispositifs. Les territoires franciliens sont très inégalement couverts par les dispositifs de lutte contre les discriminations.
520 _aWe built a database of all actions funded by the Île-de-France Region in the field of the fight against discrimination and for equality between women and men from January 2008 to March 2012. 455 actions have been found. There are particular in their purpose, procedures for implementing, the public who benefit and territories where it unfolds. Nevertheless common features characterize regional policy. Actions are mainly carried out by associations which are a major player in the fight against discrimination. The logic of project financing, inherent in these devices, leads to coordination failures that induce inequalities according to a particular subdomain. This differential treatment of public doubles as a difference in the territorial coverage of the devices. The Paris territories are unevenly covered by devices against discrimination.
690 _adiscrimination
690 _aégalité femmes-hommes
690 _aévaluation
690 _apolitiques régionales
690 _aCodes JEL : J15
690 _adiscrimination
690 _aequality between women and men
690 _aevaluation
690 _aJ16
690 _aJ78
690 _aregional policy
786 0 _nRevue d’Économie Régionale & Urbaine | Octobre | 4 | 2015-11-06 | p. 605-628 | 0180-7307
856 4 1 _uhttps://shs.cairn.info/revue-d-economie-regionale-et-urbaine-2015-4-page-605?lang=fr&redirect-ssocas=7080
999 _c1588231
_d1588231